00979nam a22003255b 4500001000600000003000900006005001700015007000500032008003700037016001300074017000900087020001600096035000600112040002500118041001100143080000600154100002900160240005100189245012100240250001300361260002600374300002600400490003800426521002600464650003200490650003200522700002400554700003700578830003800615 7859DO-SdBNP20180221105920.07859920408s1991 sp a |||| ||spa 7 a 2BPMSU a b  a843482759X  a  aBPMSUbspacBPMUSe 1 aspah  a 1 aWolf, Klaus-Peterd1954-10aMeine Mutter haut sogar Django in die Pfanne /10aLili, Diango y el sheriff /cKlaus-Peter Wolf ; traducción Elsa Alfonso Mori ; ilustraciones, Federico Delicadoh  a 3a. ed. aMadrid : bSM, c1991 a83 p. :bil. ;c19 cm1 aEl barco de vaporaSerie azulv33 aA partir de 7 años. 2CUENTOS INFANTLES ALEMANES  aLITERATURA INFANTIL ALEMANA1 aAlfonso, Elsaetra.1 aDelicado, Federicod1956-e il.  aEl barco de vaporv33pSerie azul